Ομήρου Ιλιάδα
Αποθηκεύτηκε σε:
| Κύριος συγγραφέας: | |
|---|---|
| Άλλοι συγγραφείς: | |
| Μορφή: | Βιβλίο |
| Γλώσσα: | Greek |
| Δημοσίευση: |
Ηράκλειο :
Πανεπιστημιακές Εκδόσεις Κρήτης,
1995
|
| Θέματα: | |
| Ετικέτες: |
Προσθήκη ετικέτας
Δεν υπάρχουν, Καταχωρήστε ετικέτα πρώτοι!
|
MARC
| LEADER | 00000nam a2200000 i 4500 | ||
|---|---|---|---|
| 001 | 1/71607 | ||
| 008 | 980526s1995 gre d | ||
| 020 | |a 960-7309-92-8 | ||
| 035 | |l 10031000 | ||
| 040 | |a GR-MY-UA |b gre |e aacr | ||
| 041 | 0 | |a gre | |
| 082 | 0 | |a 883.01 | |
| 100 | 1 | |a Όμηρος |d 8ος αι. π.Χ. | |
| 245 | 1 | 0 | |a Ομήρου Ιλιάδα / |c Ομήρου ; μετάφραση Γεώργιος Ψυχουντάκης |
| 260 | |a Ηράκλειο : |b Πανεπιστημιακές Εκδόσεις Κρήτης, |c 1995 | ||
| 300 | |a 559 σ. | ||
| 650 | 0 | 0 | |a Epic poetry, Greek. |
| 700 | 1 | |a Ψυχουντάκης, Γεώργιος |d 1920-2006. |4 trl | |
| 852 | |a INST |b RHODES |e 19980526 |h 883.01 ΟΜΗ |p 005400006617 |q 005400006617 |t BK |y 0 | ||
| 901 | |a BIBL-1998-2 | ||
| 909 | |a Ρ |b 053015 |c 1998 | ||
| 922 | |a 4ΕΛΗ |b 199801 |c ΚΠΣ/ΔΕ |d EMVASIS | ||